| 000 | 00355nam a22001457a 4500 | ||
|---|---|---|---|
| 020 | _a9780070655690 | ||
| 082 |
_a663 _bSUD/FO |
||
| 100 |
_aSudhir Andrews _9196 |
||
| 245 | _aFood and Beverage Service: A Training Manual | ||
| 250 | _a2 | ||
| 260 |
_aNew Delhi _bTata McGraw Hill _c2011 |
||
| 300 | _a392 | ||
| 650 |
_aFood Science _9197 |
||
| 942 | _cBK | ||
| 999 |
_c14162 _d14162 |
||